LEADER 02880nam 22005775 450 001 9910404122003321 005 20250605210441.0 010 $a9783486762013 010 $a348676201X 024 7 $a10.1515/9783486762013 035 $a(CKB)4100000009762781 035 $a(DE-B1597)228307 035 $a(OCoLC)1125185258 035 $a(DE-B1597)9783486762013 035 $aEBL7014999 035 $a(AU-PeEL)EBL7014999 035 $a(oapen)https://directory.doabooks.org/handle/20.500.12854/58565 035 $a(MiAaPQ)EBC7014999 035 $a(Perlego)2696976 035 $a(Au-PeEL)EBL7014999 035 $a(OCoLC)1330933815 035 $a(oapen)doab58565 035 $a(EXLCZ)994100000009762781 100 $a20191022d2019 fg 101 0 $ager 135 $aur||#|||||||| 181 $ctxt$2rdacontent 182 $cc$2rdamedia 183 $acr$2rdacarrier 200 14$aDas Rohrnetz städtischer Wasserwerke $eBerechnung, Bau, Betrieb /$fH. P. Brinkhaus 205 $a3. Auflage. Reprint 2019 210 $cDe Gruyter$d1930 210 1$aBerlin ;$aBoston :$cOldenbourg Wissenschaftsverlag,$d[2019] 210 4$d©1930 215 $a1 online resource (334 p.) $c60 Taf 300 $aDescription based upon print version of record. 311 08$a9783486761993 311 08$a3486761994 327 $tFrontmatter --$tVorwort zur dritten Auflage /$rBrinkhaus, H. P. --$tInhalts-Verzeichnis --$tErster Abschnitt. Die Berechnung von Wasserrohrleitungen --$tZweiter Abschnitt. Die Wasserrohrnetze --$tDritter Abschnitt. Die Rohre, Formstücke und Ausrüstungsstücke --$tVierter Abschnitt. Vorarbeiten für den Bau von Wasserrohrleitungen und Wasserrohrnetzen --$tFünfter Abschnitt. Der Bau von Wasserrohrleitungen --$tSechster Abschnitt. Besondere Fälle von Rohrverlegungen --$tSiebenter Abschnitt. Die Hausanschlüsse --$tAchter Abschnitt. Die Betriebsarbeiten --$tAnhang 330 $aTo celebrate the 270th anniversary of the De Gruyter publishing house, the company is providing permanent open access to 270 selected treasures from the De Gruyter Book Archive. Titles will be made available to anyone, anywhere at any time that might be interested. The DGBA project seeks to digitize the entire backlist of titles published since 1749 to ensure that future generations have digital access to the high-quality primary sources that De Gruyter has published over the centuries. 606 $aTechnology & Engineering / Engineering (General)$2bisacsh 615 7$aTechnology & Engineering / Engineering (General). 676 $a621.8/672 700 $aBrinkhaus$b H. P.$00 702 $aBrinkhaus$b H. P.$4ctb$4https://id.loc.gov/vocabulary/relators/ctb 801 0$bDE-B1597 801 1$bDE-B1597 906 $aBOOK 912 $a9910404122003321 996 $aDas Rohrnetz städtischer Wasserwerke$92139064 997 $aUNINA